000 00587nam a22001697a 4500
999 _c61048
_d61048
005 20231212115614.0
008 231212s1972 ru ||||| |||| 00| 0 rus d
041 _arus
080 _a94(3) Г-37
100 _aГеродот
_920672
245 _aИстория в девяти книгах /
_cПер. и прим. Г.А. Стратановского.
264 _aЛ.:
_bНаука,
_c1972.
300 _a600 с.;
_b22 см.
653 _aისტორია
700 _aСтратановский, Г.А.
_eმთარგმნელი
_920673
942 _2udc
_cᲬᲘᲒᲜᲘ